Sherman: Lessons in Leadership : (Record no. 618215)

MARC details
000 -LEADER
fixed length control field 00518nam a2200193 a 4500
008 - FIXED-LENGTH DATA ELEMENTS--GENERAL INFORMATION
fixed length control field 260330s2009##################000#0#eng##
020 ## - INTERNATIONAL STANDARD BOOK NUMBER
ISBN 9780230610248
082 04 - DEWEY DECIMAL CLASSIFICATION NUMBER
Classification number 355.0092
Item number WOO
100 1# - MAIN ENTRY--AUTHOR NAME
Personal name Woodworth, Steven E.,
245 10 - TITLE STATEMENT
Title Sherman: Lessons in Leadership :
260 ## - PUBLICATION, DISTRIBUTION, ETC. (IMPRINT)
Name of publisher Macmillan,
Year of publication 2009.
300 ## - PHYSICAL DESCRIPTION
Number of Pages 213 pages
650 #0 - SUBJECT ADDED ENTRY--TOPICAL TERM
Topical Term Biography & Autobiography.
942 ## - ADDED ENTRY ELEMENTS (KOHA)
Koha item type English Books
Holdings
Withdrawn status Lost status Damaged status Not for loan Home library Current library Shelving location Date acquired Full call number Accession Number Price effective from Koha item type
        Anna Centenary Library Anna Centenary Library 4TH FLOOR, A WING 30.03.2026 355.0092 WOO 322003 30.03.2026 English Books

Find us on the map